|
|
|
|
| LEADER |
00000nam a2200000 a 4500 |
| 001 |
vtls009294719 |
| 003 |
SK-MaSNL |
| 005 |
20260301170818.0 |
| 008 |
251124s2005 gw ab b 000 0 eng |
| 015 |
|
|
|a SNBZSA2009-00026
|
| 020 |
|
|
|q (brož.)
|
| 035 |
|
|
|a 76AD425C-2D1C-4AD6-93FA-5CCB09E353CD
|
| 035 |
|
|
|a urn:nbn:sk:snk-amjvk0
|
| 035 |
|
|
|a urn:nbn:sk:snk-am00843d
|
| 040 |
|
|
|a SNK
|b slo
|c SNK
|e AACR2
|
| 041 |
0 |
|
|a eng
|b ger
|
| 043 |
|
|
|a e-fr---
|
| 044 |
|
|
|a gw
|c DE
|
| 072 |
|
7 |
|a 551
|x Geológia. Meteorológia. Klimatológia
|2 konspekt
|
| 080 |
|
|
|a 551.78
|x (449.45)
|2 2001
|
| 080 |
|
|
|a 551.8(449.45)
|2 2001
|
| 100 |
1 |
|
|a Danišík, Martin
|4 aut
|9 537559
|
| 245 |
1 |
0 |
|a Cooling history and relief evolution of Corsica (France) as constrained by fission track and (U-Th), He thermochronology
|c Martin Danišík
|
| 260 |
|
|
|a Tübingen
|b [Institut für Geowissenschaften]
|c 2005
|
| 300 |
|
|
|a xvi, 105, ix s.
|b ilustr., mp.
|c 30 cm
|
| 490 |
1 |
|
|a Tübinger geowissenschaftliche Arbeiten
|a Reihe A, Geologie, Paläontologie, Stratigraphie
|v Bd. 72
|
| 500 |
|
|
|a Porovnaj diz.: Tübingen, Univ., Diss., 2005
|
| 504 |
|
|
|a Bibliogr.
|
| 546 |
|
|
|a Res. nem.
|
| 650 |
0 |
7 |
|a historická geológia
|z Korzika (Francúzsko)
|2 snkph
|9 537560
|
| 650 |
0 |
7 |
|a paleogeografia
|2 SNK
|9 50703
|
| 650 |
0 |
7 |
|a stratigrafia
|2 snkph
|9 18903
|
| 650 |
0 |
7 |
|a termochronológia
|2 snkph
|9 537561
|
| 651 |
|
7 |
|a Korzika (Francúzsko : ostrov)
|2 snkph
|9 225966
|
| 655 |
|
7 |
|a štúdie
|2 snkph
|9 57033
|
| 810 |
2 |
|
|a Institut für Geowissenschaften (Tübingen)
|t Tübinger geowissenschaftliche Arbeiten : Reihe A, Geologie, Paläontologie, Stratigraphie
|9 537562
|
| 958 |
|
|
|a OND
|
| 958 |
|
|
|a ZS
|
| 958 |
|
|
|a FR
|
| 958 |
|
|
|a NB
|
| 999 |
|
|
|c 828823
|d 830753
|
| 952 |
|
|
|a SNK
|b SNK
|y PREZ
|7 0
|p 17A0590340
|o snkSB 76291
|i snk2008/12168
|8 2
|g 16.07
|0 0
|1 0
|4 0
|d 2008-05-16
|f 1
|l 0
|r 2025-04-30 00:00:00
|w 2026-02-24
|
| 952 |
|
|
|a SNK
|b SNK
|y VYP
|7 0
|p 17A0605444
|o snkSB 76291 D1
|i snk2009/1193
|8 2
|g 15.10
|0 0
|1 0
|4 0
|d 2008-11-28
|l 0
|r 2016-06-30 00:00:00
|w 2026-02-24
|